Statistiken für Wochentage in 3 Sprachen

Klicken Sie hier um das Quiz zu spielen!

Allgemein

  • Dieses Quiz wurde 229 mal gespielt
  • Das Durchschnittsergebnis liegt bei 16 aus 21

Antwortstatistiken

Deutsch% Korrekt
Mittwoch
96%
Monday
96%
Montag
96%
Dienstag
95%
Donnerstag
95%
Freitag
95%
Samstag
95%
Sonntag
95%
Friday
94%
Sunday
93%
Thursday
92%
Saturday
91%
Tuesday
91%
Wednesday
90%
lunes
48%
domingo
47%
sábado
46%
martes
42%
miércoles
41%
viernes
38%
jueves
36%

Verteilung der Resultate

Perzentil nach korrekt beantworteten Fragen

Anzahl Personen mit jedem Resultat

Ihre Resultats-Entwicklung

Sie haben dieses Quiz noch nicht gespielt